1995 1933 1534 1882 1882 1587 1896 1168 1515 1517 1972 1532 1074 1978 1726 1275 1551 1295 1367 1941 1156 1303 1548 1899 1838 1481 1142 1336 1180 1498 1649 1626 1982 1284 1098 1597 1752 1306 1371 1363 1619 1017 1857 1979 1667 1943 1250 1515 1490 1580 1023 1843 1075 1076 1352 1655 1284 1733 1025 1178 1188 1007 1690 1669 1321 1768 1425 1121 1759 1947 1637 1082 1273 1063 1526 1991 1362 1152 1521 1231 1069 1187 1609 1995 1505 1479 1543 1064 1376 1115 1368 1617 1104 1783 1590 1467 1012 1154 1962 BCNSPRNW ULIB Ver.6.0+V

เปลี่ยนเป็นภาษาไทย

Change to English
 แสดงรายละเอียดบรรณานุกรม
  กลับหน้าหลัก

Brief Record : Get Marc (ISO 2709) : E-mail record : QR code < ปิดหน้าต่าง
LEADER : 00000nam 2200000uu 4500
001    13399121719
003     ULIB
008    121130s||||||||th 000 0 tha d
020    ^a9789741635771
060  4 ^aWD210^bม154ล 2551
110 0  ^aมูลนิธิสาธารณสุขแห่งชาติ
245 10 ^aลูกอ้วน:พ่อแม่ควรทำอย่างไร /^cสุวิชา สุชีวคุปต์,บรรณาธิการ
260    ^aกรุงเทพฯ :^bมูลนิธิสาธารณสุขแห่งชาติ,^c2551
300    ^a152 หน้า
650  7 ^aลูกอ้วน
700 0  ^aสุวิชา สุชีวคุปต์,^eบรรณาธิการ
945    ^p120^l0^i15728
995    ^aกัณชพร
999 ^a ใช้งานได้ทุกระบบ
รายการนี้ยังไม่มีแท็ก
คุณยังไม่ได้ล็อกอิน คุณสามารถมีกิจกรรมร่วมกับเว็บไซต์ได้ แต่ต้องล็อกอินก่อน ::
  ล็อกอิน

รายการสื่อสารสนเทศ

ลำดับที่ ประเภท เลขเรียก/บาร์โค้ด สถานที่ สถานะ
1. วิทยาศาสตร์การแพทย์ และสุขภาพ
วิทยาศาสตร์การแพทย์ และสุขภาพ
WD210 ม154ล 2551  
  Barcode: 15728
ห้องสมุดวิทยาเขตสวรรค์ประชารักษ์
►ส่วนจัดเก็บหนังสือเก่า สปร
บนชั้น
  ขอยืม

รายการใกล้เคียง
    หัวเรื่อง [ลูกอ้วน]

BibComment


ยังไม่เคยถูกคอมเมนท์

คอมเมนท์ทรัพยากรรายการนี้
  คอมเมนท์: ลูกอ้วนพ่อแม่ควร..


 Copyright 2026. Bcnsprnw @Library